Catálogo

PROSPETTIVA SULLA METAFISICA DI S. TOMMASO (Registro nro. 46754)

Detalles MARC
000 -LEADER
fixed length control field 00849nam a2200193 a 4500
001 - CONTROL NUMBER
control field 46754
005 - DATE AND TIME OF LATEST TRANSACTION
control field 20180714030438.0
008 - FIXED-LENGTH DATA ELEMENTS--GENERAL INFORMATION
fixed length control field 140415s1991 it 000 0 ita d
041 ## - LANGUAGE CODE
Language code of text/sound track or separate title ita
082 ## - DEWEY DECIMAL CLASSIFICATION NUMBER
Classification number 195
Item number OPE
100 1# - MAIN ENTRY--PERSONAL NAME
Personal name SCIACCA, MICHELE FEDERICO
245 10 - TITLE STATEMENT
Title PROSPETTIVA SULLA METAFISICA DI S. TOMMASO
250 ## - EDITION STATEMENT
Edition statement 1a ed.
260 ## - PUBLICATION, DISTRIBUTION, ETC.
Place of publication, distribution, etc. ITALIA :
Name of publisher, distributor, etc. LEPOS,
Date of publication, distribution, etc. 1991
300 ## - PHYSICAL DESCRIPTION
Extent 213
Dimensions 14.5 x 1.6 x 22.6
490 ## - SERIES STATEMENT
Series statement OPERE DI MICHELE FEDERICO SCIACCA
520 ## - SUMMARY, ETC.
Summary, etc. IL VOLUMENTO, COME RISULTA DAL TITOLO - CHE TUTTAVIA É ANCORA PRETENZIOSO - , É BEN LUNGI DALL´ESSERE UNA MONOGRAFIA; VUOL ESSERE SEMPLICEMENTE UN PUNTO DI VISTA, QUELLO DELLA <<FILOSOFIA DELL´INTEGRALITÁ>>, SU ALCUNI TEMI METAFISICI DEL PENSIERO DELL´ AQUINATE CON RIFERIMENTI AI PROBLEMI DEL MONDO CONTEMPORANEO.
650 14 - SUBJECT ADDED ENTRY--TOPICAL TERM
Topical term or geographic name entry element FILOSOFIA
General subdivision METAFISICA
Existencias
Withdrawn status Lost status Source of classification or shelving scheme Damaged status Not for loan Collection code Home library Current library Shelving location Date acquired Source of acquisition Inventory number Total Checkouts Full call number Barcode Date last seen Price effective from Koha item type
    Dewey Decimal Classification     General Biblioteca Karol Wojtyla Biblioteca Karol Wojtyla Sala general 03/12/2013 Compra 151000000000000000062460   195 OPE 70117 05/01/2026 03/12/2013 Libro